Non-farm employment and income in rural Tamilnadu: an analysis of macro and micro level data (Record no. 36789)

000 -LEADER
fixed length control field 00495pab a2200169 454500
008 - FIXED-LENGTH DATA ELEMENTS--GENERAL INFORMATION
fixed length control field 180718b1997 xxu||||| |||| 00| 0 eng d
100 ## - MAIN ENTRY--PERSONAL NAME
Personal name Iyyampillai, S.
245 ## - TITLE STATEMENT
Title Non-farm employment and income in rural Tamilnadu: an analysis of macro and micro level data
260 ## - PUBLICATION, DISTRIBUTION, ETC.
Date of publication, distribution, etc. 1997
300 ## - PHYSICAL DESCRIPTION
Extent p.136-43
362 ## - DATES OF PUBLICATION AND/OR SEQUENTIAL DESIGNATION
Dates of publication and/or sequential designation Jul-Dec
650 ## - SUBJECT ADDED ENTRY--TOPICAL TERM
Topical term or geographic name entry element Employment - India - Tamilnadu
650 ## - SUBJECT ADDED ENTRY--TOPICAL TERM
Topical term or geographic name entry element Employment
700 ## - ADDED ENTRY--PERSONAL NAME
Personal name Jayakumar, N.
773 ## - HOST ITEM ENTRY
Main entry heading Political Economy Journal of India
909 ## -
-- 36789
Holdings
Withdrawn status Lost status Damaged status Not for loan Permanent Location Current Location Date acquired Serial Enumeration / chronology Barcode Date last seen Price effective from Koha item type
        Indian Institute of Public Administration Indian Institute of Public Administration 2018-07-19 Volume no: 6, Issue no: 3-4 AR37110 2018-07-19 2018-07-19 Articles

Powered by Koha